<?xml version="1.0" encoding="UTF-8"?>
<record
    xmlns:xsi="http://www.w3.org/2001/XMLSchema-instance"
    xsi:schemaLocation="http://www.loc.gov/MARC21/slim http://www.loc.gov/standards/marcxml/schema/MARC21slim.xsd"
    xmlns="http://www.loc.gov/MARC21/slim">

  <leader>01033nam a22001937a 4500</leader>
  <datafield tag="952" ind1=" " ind2=" ">
    <subfield code="0">0</subfield>
    <subfield code="1">0</subfield>
    <subfield code="2">ddc</subfield>
    <subfield code="4">0</subfield>
    <subfield code="7">0</subfield>
    <subfield code="8">NFIC</subfield>
    <subfield code="a">ASL</subfield>
    <subfield code="b">ASL</subfield>
    <subfield code="c">GEN</subfield>
    <subfield code="d">2020-09-14</subfield>
    <subfield code="e">Complementary</subfield>
    <subfield code="l">0</subfield>
    <subfield code="o">261.7 SHD</subfield>
    <subfield code="p">101000</subfield>
    <subfield code="r">2020-09-14 00:00:00</subfield>
    <subfield code="t">C-1</subfield>
    <subfield code="w">2020-09-14</subfield>
    <subfield code="y">BK</subfield>
  </datafield>
  <datafield tag="952" ind1=" " ind2=" ">
    <subfield code="0">0</subfield>
    <subfield code="1">0</subfield>
    <subfield code="2">ddc</subfield>
    <subfield code="4">0</subfield>
    <subfield code="7">0</subfield>
    <subfield code="8">NFIC</subfield>
    <subfield code="a">ASL</subfield>
    <subfield code="b">ASL</subfield>
    <subfield code="c">GEN</subfield>
    <subfield code="d">2020-09-14</subfield>
    <subfield code="e">Complementary</subfield>
    <subfield code="l">0</subfield>
    <subfield code="o">261.7 SHD</subfield>
    <subfield code="p">101001</subfield>
    <subfield code="r">2020-09-14 00:00:00</subfield>
    <subfield code="t">C-2</subfield>
    <subfield code="w">2020-09-14</subfield>
    <subfield code="y">BK</subfield>
  </datafield>
  <datafield tag="999" ind1=" " ind2=" ">
    <subfield code="c">17865</subfield>
    <subfield code="d">17865</subfield>
  </datafield>
  <controlfield tag="003">BDDh-ASL</controlfield>
  <controlfield tag="005">20231015025641.0</controlfield>
  <controlfield tag="008">200914b2009    bg ||||| |||| 00| 0     d</controlfield>
  <datafield tag="040" ind1=" " ind2=" ">
    <subfield code="a">BDDh-ASL</subfield>
    <subfield code="c">BDDh-ASL</subfield>
    <subfield code="d">BDDh-ASL</subfield>
  </datafield>
  <datafield tag="041" ind1=" " ind2=" ">
    <subfield code="a">bengali </subfield>
  </datafield>
  <datafield tag="082" ind1=" " ind2=" ">
    <subfield code="a">261.7</subfield>
    <subfield code="b">SHD</subfield>
  </datafield>
  <datafield tag="100" ind1="1" ind2=" ">
    <subfield code="a">&#x9B6;&#x9BE;&#x9B9;&#x9A8;&#x9BE;&#x993;&#x9AF;&#x9BC;&#x9BE;&#x99C;, &#x98F; &#x995;&#x9C7; &#x98F;&#x9AE;</subfield>
    <subfield code="9">709</subfield>
  </datafield>
  <datafield tag="245" ind1="1" ind2=" ">
    <subfield code="a">&#x9A7;&#x9B0;&#x9CD;&#x9AE;&#x9C0;&#x9AF;&#x9BC; &#x9B8;&#x9BE;&#x9AE;&#x9CD;&#x9AA;&#x9CD;&#x9B0;&#x9A6;&#x9BE;&#x9AF;&#x9BC;&#x9BF;&#x995;&#x9A4;&#x9BE;&#x9B0;: </subfield>
    <subfield code="b">&#x9B0;&#x9BE;&#x99C;&#x9C7;&#x9A8;&#x9C8;&#x9A4;&#x9BF;&#x995; &#x993; &#x985;&#x9B0;&#x9CD;&#x9A5;&#x9A8;&#x9C8;&#x9A4;&#x9BF;&#x995; &#x989;&#x9CE;&#x9B8;/</subfield>
    <subfield code="c">&#x98F; &#x995;&#x9C7; &#x98F;&#x9AE; &#x9B6;&#x9BE;&#x9B9;&#x9A8;&#x9BE;&#x993;&#x9AF;&#x9BC;&#x9BE;&#x99C;&#x964; </subfield>
  </datafield>
  <datafield tag="246" ind1=" " ind2=" ">
    <subfield code="a">Dharmiya Sampradayikatar Rajnaitik O Arthanaitik Utsa </subfield>
  </datafield>
  <datafield tag="260" ind1=" " ind2=" ">
    <subfield code="a">&#x9A2;&#x9BE;&#x995;&#x9BE;: </subfield>
    <subfield code="b">&#x987;&#x9A4;&#x9BF;&#x9B9;&#x9BE;&#x9B8; &#x98F;&#x995;&#x9BE;&#x9A1;&#x9C7;&#x9AE;&#x9C0;, </subfield>
    <subfield code="c">&#x9E8;&#x9E6;&#x9E6;&#x9EF;&#x964; </subfield>
  </datafield>
  <datafield tag="300" ind1=" " ind2=" ">
    <subfield code="a">&#x9EA;&#x9EA; &#x9AA;&#x9C3;&#x9B7;&#x9CD;&#x9A0;&#x9BE;:</subfield>
    <subfield code="c">&#x9E8;&#x9E8; &#x9B8;&#x9C7;. &#x9AE;&#x9BF;.&#x964; </subfield>
  </datafield>
  <datafield tag="650" ind1=" " ind2="0">
    <subfield code="a">&#x9A7;&#x9B0;&#x9CD;&#x9AE;&#x9C0;&#x9AF;&#x9BC; &#x9B8;&#x9BE;&#x9AE;&#x9CD;&#x9AA;&#x9CD;&#x9B0;&#x9A6;&#x9BE;&#x9AF;&#x9BC;&#x9BF;&#x995;&#x9A4;&#x9BE;, &#x9B8;&#x9BE;&#x9AE;&#x9CD;&#x9AA;&#x9CD;&#x9B0;&#x9A6;&#x9BE;&#x9AF;&#x9BC;&#x9BF;&#x995;&#x9A4;&#x9BE;, Dharm&#x12B;&#x1E8F;a s&#x101;mprad&#x101;&#x1E8F;ikat&#x101;, s&#x101;mprad&#x101;&#x1E8F;ikat&#x101;, Religious sectarianism, &#x200D;&#x9C2;ectarianism</subfield>
    <subfield code="9">710</subfield>
  </datafield>
  <datafield tag="942" ind1=" " ind2=" ">
    <subfield code="2">ddc</subfield>
    <subfield code="c">BK</subfield>
  </datafield>
</record>
